Filiaciones culturales y contactos entre las poblaciones Virú-Gallinazo y Mochica (200 AC-600 DC, costa norte del Perú) /

This volume documents the pottery traditions to understand both their origins, filiations, and contacts, studying the modes of manufacture of archaeological ceramics discovered at more than nine sites in the region, preserved at the Ministry of Culture of Peru and various Peruvian, French and Americ...

وصف كامل

محفوظ في:

المؤلف الرئيسي: Espinosa, Alicia (مؤلف)

التنسيق: كتاب الكتروني

اللغة: Spanish

منشور في: Oxford : Archaeopress Publishing Ltd, 2023.

سلاسل: Paris monographs in American archaeology ; 57.
Access archaeology.

الموضوعات:

الوصول للمادة أونلاين: Login to view Source

الوسوم: إضافة وسم

لا توجد وسوم, كن أول من يضع وسما على هذه التسجيلة!

رقم الطلب: F3430.1.M6

LEADER 02257nam a2200481 i 4500
001 EDZ0003013125
003 StDuBDS
005 20230828071337.0
006 m|||||o||d||||||||
007 cr |||||||||||
008 230320s2023 enkab fob 000|0|spa|d
020 |a 9781803273983 (PDF ebook) :  |c No price 
040 |a StDuBDS  |b eng  |c StDuBDS  |e rda  |e pn 
050 4 |a F3430.1.M6 
082 0 4 |a 738.30985  |2 23 
100 1 |a Espinosa, Alicia,  |e author. 
245 1 0 |a Filiaciones culturales y contactos entre las poblaciones Virú-Gallinazo y Mochica (200 AC-600 DC, costa norte del Perú) /  |c Alicia Espinosa. 
264 1 |a Oxford :  |b Archaeopress Publishing Ltd,  |c 2023. 
300 |a 1 online resource (xxxviii, 430 pages) :  |b illustrations (black and white, and colour), maps (black and white, and colour). 
336 |a text  |2 rdacontent 
336 |a still image  |2 rdacontent 
336 |a cartographic image  |2 rdacontent 
337 |a computer  |2 rdamedia 
338 |a online resource  |2 rdacarrier 
490 1 |a Paris monographs in American archaeology ;  |v 57 
490 1 |a Access archaeology 
500 |a Also issued in print: 2023. 
504 |a Includes bibliographical references. 
506 0 |a Open access. 
520 8 |a This volume documents the pottery traditions to understand both their origins, filiations, and contacts, studying the modes of manufacture of archaeological ceramics discovered at more than nine sites in the region, preserved at the Ministry of Culture of Peru and various Peruvian, French and American museums. 
521 |a Specialized. 
588 |a Description based on online resource; title from PDF title page (viewed on July 28, 2023). 
650 0 |a Mochica pottery  |z Peru. 
650 0 |a Pottery  |z Peru  |x History. 
651 0 |a Moche River Valley (Peru)  |x Antiquities. 
651 0 |a Viru River Valley (Peru)  |x Antiquities. 
776 0 8 |i Print version :  |z 9781803273976 
830 0 |a Paris monographs in American archaeology ;  |v 57. 
830 0 |a Access archaeology. 
856 4 0 |u http://library.arce.org:8087/Archaeopress/Products/9781803273976 
942 |2 lcc  |c EBOOK 
952 |0 0  |1 0  |4 0  |6 F34301 M6  |7 1  |9 49716  |a ARCH  |b ARCH  |d 2023-08-28  |l 0  |o F3430.1.M6  |r 2023-08-28 00:00:00  |w 2023-08-28  |y EBOOK 
999 |c 54359  |d 54359